Socio-religious arena and the relationship among various communities during Mughal period /
Saved in:
| Main Author: | |
|---|---|
| Format: | Thesis Book |
| Language: | English |
| Published: |
Aligarh, India :
Centre of Advanced Study, Department of History, Aligarh Muslim University,
2015
|
| Subjects: | |
| Tags: |
Add Tag
No Tags, Be the first to tag this record!
|
| LEADER | 01400nam a2200277 i 4500 | ||
|---|---|---|---|
| 005 | 20230412114632.0 | ||
| 008 | 221121s2015 ii g m 000 0 eng d | ||
| 040 | |a UIAM |b eng |e rda | ||
| 050 | 4 | |a D | |
| 100 | 1 | |a Mehdi, Mohammad Abbas |9 21712 |e author | |
| 245 | 1 | 0 | |a Socio-religious arena and the relationship among various communities during Mughal period / |c by Mohammad Abbas Mehdi ; under the supervision of Prof. Syed Liyaqat Hussain Moini |
| 264 | 1 | |a Aligarh, India : |b Centre of Advanced Study, Department of History, Aligarh Muslim University, |c 2015 | |
| 300 | |a vi, 279 leaves ; |c 29 cm. | ||
| 336 | |a text |2 rdacontent | ||
| 337 | |a unmediated |2 rdamedia | ||
| 338 | |a volume |2 rdacarrier | ||
| 500 | |a Abstract of the thesis is supplement. | ||
| 500 | |a "Thesis submitted for the award of the Degree of Doctor of Philosophy in History."--On title page. | ||
| 502 | |a Thesis (Ph.D) -- Aligarh Muslim University Aligarh (India), 2015. | ||
| 504 | |a Includes bibliographical references (leaves 264 - 279). | ||
| 655 | 7 | |a Theses, non-IIUM |9 5559 | |
| 900 | |a prelim-sm-skar-skh to rose | ||
| 942 | |2 lcc |c THESIS |n 0 | ||
| 999 | |c 505497 |d 536914 | ||
| 952 | |0 0 |1 0 |2 lcc |4 0 |7 7 |8 NONIIUMTHESIS |9 987276 |a IIUM |b IIUM |c THESIS |d 2022-11-01 |p 11100439695 |r 2022-11-01 |w 2022-11-01 |y THESIS | ||
| 952 | |0 0 |1 0 |2 lcc |4 0 |7 7 |8 NONIIUMTHESIS |9 987277 |a IIUM |b IIUM |c THESIS |d 2022-11-01 |p 11100439696 |r 2022-11-01 |w 2022-11-01 |y MONOACCOMP | ||
